Nalaganje...

കള്ളന്‍ പവിത്രന്‍

Bibliografske podrobnosti
Main Authors: പത്മരാജന്‍, Padmarajan
Format: Printed Book
Izdano: Kottayam; D C Books; 2014
Izdaja:1st
Teme:
LEADER 00671nam a22001817a 4500
082 |b PAD/K Q4  |a 791.43707 
100 |a പത്മരാജന്‍  |9 240349 
100 |a Padmarajan  |9 240350 
240 |a Kallan Pavithran 
245 |a കള്ളന്‍ പവിത്രന്‍ 
250 |a 1st 
260 |a Kottayam;  |b D C Books;  |c 2014 
300 |a 52p. 
650 |a മലയാളം ; തിരക്കഥ  |9 240351 
650 |a  Malayalam ; Screen Play  |9 240352 
942 |c BK 
999 |c 57732  |d 57732 
952 |0 0  |1 0  |4 0  |6 894_000000000000000_M3_PAD_K_Q4  |7 0  |8 FILM  |9 69063  |a MAL  |b MAL  |d 2016-07-25  |e 57264  |g 60.00  |l 0  |o 894.M3 PAD/K Q4  |p MAL057264  |r 2016-07-25  |t 1  |w 2016-07-25  |y BK